| 000 | 01204cad a22002295a 4500 | ||
|---|---|---|---|
| 001 | L140200 | ||
| 008 | 070912e20070704xxk f 000 0 eng d | ||
| 035 | _a(Sirsi) u140200 | ||
| 041 | 0 | _aeng | |
| 100 | 1 | _aSavage, Jenny | |
| 245 | 0 | 0 |
_aLimitation clauses revisited _h[electronic resource] |
| 260 | _c2007 | ||
| 490 | 0 |
_aRICS Feature _v4 July 2007 |
|
| 520 | _aConsiders whether a cap on liability can be extended to cover loss that occurs outside a contract, with reference to "Shepherd Homes Ltd v Encia Remediation Ltd and Green Piling Ltd" ([2007] EWHC 70 (TCC), L137823). "Shepherd Homes" demonstrates that caps will be applied strictly by the courts and that it is important to carefully read documents that are stated to be part of any contractual offer, including terms and conditions. | ||
| 590 | _aKA | ||
| 650 | 2 | 4 | _aSHEPHERD HOMES LTD V ENCIA REMEDIATION LTD AND ANOTHER |
| 651 | 4 |
_aEngland and Wales _y1543- |
|
| 690 | _aBUILT ENVIRONMENT-CONSTRUCTION MANAGEMENT-BUILDING CONTRACT ADMINISTRATION | ||
| 710 | 2 |
_aCameron McKenna _93669 |
|
| 856 | 4 | 0 |
_uhttps://www.rics.org/RICSWEB/getpage.aspx?p=DF56uTcuQ0ie_T6iJANt_A _zView the article free of charge at www.rics.org... |
| 942 | _n0 | ||
| 999 |
_c79230 _d79230 |
||